000 01487cad a22003015a 4500
001 L146464
008 090122e20090121xxk f lf000 0 eng d
035 _a(Sirsi) u146464
041 0 _aeng
050 0 4 _a333.33 $2 18
110 2 _aUnited Kingdom
_kLaws, etc.
_95044
245 0 4 _aThe Home Information Pack (Amendment) Regulations 2009
_h[electronic resource]
260 _aLondon
_bOPSI
_c2009
490 0 _aSI
_v2009: 34
505 2 _aCitation and commencement -- Amendment of the Home Information Pack (No. 2) Regulations 2007 -- Amendment of regulation 14
520 _aThis Statutory Instrument amends the principal regulations (Home Information Pack (No. 2) regulations 2007) by adding the Property Information Questionnaire (PIQ) to the list of documents that must be included in the Home Information Pack (HIP) before or at the first point of marketing.
521 _aAdvanced
590 _aKA NTK
650 2 4 _aHOUSING ACT 2004
650 2 4 _aHOME INFORMATION PACK (AMENDMENT) REGULATIONS 2009
650 2 4 _aHOME INFORMATION PACK (AMENDMENT) (NO. 4) REGULATIONS 2008
650 2 4 _aHOME INFORMATION PACKS
650 2 4 _aHOME INFORMATION PACK (NO. 2) REGULATIONS 2007
651 4 _aEngland and Wales
_y1543-
690 _aPROPERTY-RESIDENTIAL PROPERTY-ACQUISITION AND DISPOSAL OF RESIDENTIAL PROPERTY-HOME BUYING REFORM
856 4 0 _uhttps://www.opsi.gov.uk/si/si2009/uksi_20090034_en_1
_zView the item free of charge online at www.opsi.gov.uk...
942 _n0
999 _c109185
_d109185